Normal view
MARC view
Entry Topical Term
001 - CONTROL NUMBER
- control field: 37102
003 - CONTROL NUMBER IDENTIFIER
- control field: ARRUPE
005 - DATE AND TIME OF LATEST TRANSACTION
- control field: 20171016120639.0
008 - FIXED-LENGTH DATA ELEMENTS
- fixed length control field: 171016|| aca||aabn | a|a d
040 ## - CATALOGING SOURCE
- Original cataloging agency: ARRUPE
- Transcribing agency: ARRUPE
150 ## - HEADING--TOPICAL TERM
- Topical term or geographic name as entry element: Ethrology
- General subdivision: Slave coast
670 ## - SOURCE DATA FOUND
- Source citation: Work cat.: (ARRUPE): Ellis, Alfred Burton 37101, History of the Yoruba people